| 000 | 00438nam a2200181Ia 4500 | ||
|---|---|---|---|
| 005 | 20251020182532.0 | ||
| 008 | 200515s9999 xx 000 0 und d | ||
| 082 | _a711.012/R89 | ||
| 100 | _aRUANO, Miguel | ||
| 245 | 0 | _aEco urbanismo : entornos humanos sostenibles: 60 proyectos | |
| 260 | _aMéxico DF | ||
| 260 | _c1999 | ||
| 500 | _a1 ejemplar | ||
| 650 | _aECOURBANISMO | ||
| 650 | _aLIB | ||
| 650 | _aURBANISMO | ||
| 942 | _cLIB | ||
| 999 |
_c2100 _d2100 |
||